| 000 | 00883 a2200205 4500 | ||
|---|---|---|---|
| 020 | _a0201719754 (pbk. : alk. paper) | ||
| 035 | _a(OCoLC)ocm48649882 | ||
| 040 |
_aDLC _bDLC |
||
| 082 | 0 | 0 | _a005.4/469 |
| 245 | 1 | 0 |
_aLinux kernel programming : algorithms and structures of version 2.4 _balgorithms and structures of version 2.4 _cMichael Beck |
| 250 | _aUpdated and extended 3rd ed. | ||
| 260 |
_aLondon ; _aBoston : _bAddison-Wesley, _c2002. |
||
| 300 |
_axiv, 471 p. : _bill. ; _c24 cm. + _e1 CD-ROM (4 3/4 in.) |
||
| 500 | _aTranslation of: Linux-Kernel-Programmierung. | ||
| 500 | _a"CD-ROM contains the Linux kernel version 2.4.4, plus sources from other programs and documents from the Linux Documentation Project"--P. [4] of cover. | ||
| 650 | 0 | _aOperating systems (Computers) | |
| 650 | 0 | _aApplication software. | |
| 700 | 1 | _aBeck, Michael. | |
| 942 |
_cBK _k005.4469 BEC _2ddc |
||
| 999 |
_c9428 _d9428 |
||